[Event "Titled Tue 26th Aug Early"]
[Site "chess.com INT"]
[Date "2025.08.26"]
[Round "3"]
[White "Naroditsky, Daniel"]
[Black "Lamaze, Simon"]
[Result "1/2-1/2"]
[WhiteTitle "GM"]
[BlackTitle "IM"]
[WhiteElo "2619"]
[BlackElo "2468"]
[WhiteFideId "2026961"]
[BlackFideId "36069264"]
[EventDate "2025.08.26"]

1. e4 c5 2. Nf3 d5 3. exd5 Nf6 4. Bb5+ Nbd7 5. c4 a6 6. Ba4 b5 7. cxb5 Nxd5 8.
O-O e6 9. d4 Be7 10. bxa6 O-O 11. Bc6 Rxa6 12. Bxd5 exd5 13. Nc3 cxd4 14. Nxd5
Bb7 15. Nxe7+ Qxe7 16. Nxd4 Ne5 17. Bf4 Ng6 18. Bg3 Rd8 19. Re1 Qf6 20. Qb3 Bxg2
21. Kxg2 Qxd4 22. Rad1 Qf6 23. Qc3 Qg5 24. Rxd8+ Qxd8 25. a3 h5 26. h3 h4 27.
Bh2 Qg5+ 28. Kh1 Qd5+ 29. Kg1 Nf8 30. Bf4 Rg6+ 31. Kf1 Qg2+ 32. Ke2 Ne6 33. Be3
Qe4 34. Kd2 Nf4 35. Qd4 Qxd4+ 36. Bxd4 Rd6 37. Kc3 Nxh3 38. Rh1 Ng5 39. Rxh4 f5
40. Be3 Ne4+ 41. Kc4 Kf7 42. a4 g5 43. Rh7+ Kg6 44. Rh8 f4 45. Bd4 Nd2+ 46. Kc5
Ne4+ 47. Kc4 Nd2+ 48. Kc5 Ne4+ 49. Kc4 1/2-1/2

[Event "Titled Tue 26th Aug Early"]
[Site "chess.com INT"]
[Date "2025.08.26"]
[Round "3"]
[White "Vasquez Schroeder, Rodrigo"]
[Black "Devaev, Alexander"]
[Result "1-0"]
[WhiteTitle "GM"]
[BlackTitle "FM"]
[WhiteElo "2446"]
[BlackElo "2306"]
[WhiteFideId "3400042"]
[BlackFideId "4169395"]
[EventDate "2025.08.26"]

1. e4 c6 2. d4 d5 3. exd5 cxd5 4. c4 Nf6 5. Nc3 e6 6. Nf3 Bb4 7. cxd5 Nxd5 8.
Qc2 Nc6 9. Bd3 h6 10. O-O O-O 11. a3 Be7 12. Rd1 Bf6 13. Bh7+ Kh8 14. Be4 Nce7
15. Qe2 b6 16. Bc2 Bb7 17. Qd3 Ng6 18. Ne4 Rc8 19. Bd2 Ba6 20. Qxa6 Rxc2 21. Bc3
Nxc3 22. bxc3 Nf4 23. g3 Ne2+ 24. Kg2 Nxc3 25. Nxc3 Rxc3 26. Qb7 Qa8 27. Qxa8
Rxa8 28. a4 Rd8 29. Rac1 Rdc8 30. Rxc3 Rxc3 31. d5 exd5 32. Rxd5 Ra3 33. Rd7
Rxa4 34. Rxf7 b5 35. Rb7 b4 36. Nd2 a5 37. Nc4 Ra2 38. Rb5 Bd4 39. Nxa5 Rxf2+
40. Kh3 Bc3 41. Nc6 Rb2 42. Kg4 Kh7 43. h4 Kg6 44. Rb6 Kh7 45. h5 Rd2 46. Ne7
Rd4+ 47. Kh3 Rd8 48. Rb7 Ra8 49. Ng6 Rc8 50. Kg4 Ra8 51. Kf5 Rc8 52. Ke6 Ra8 53.
Kf7 Rc8 54. g4 Ra8 55. Nf8+ Kh8 56. Ne6 Rc8 57. Kg6 Ra8 58. g5 hxg5 59. Nxg5
Ra6+ 60. Kf5 Rf6+ 61. Kg4 Rf8 62. Ne6 Re8 63. Kf5 Ra8 64. Kg6 Re8 65. Ng5 Ra8
66. Nf7+ Kg8 67. Nd6 Rd8 68. Nf5 Rc8 69. Ne7+ Kf8 70. Nxc8 1-0

[Event "Titled Tue 26th Aug Early"]
[Site "chess.com INT"]
[Date "2025.08.26"]
[Round "3"]
[White "Dovgaliuk, Oleksandr"]
[Black "Ng, Clive"]
[Result "1-0"]
[WhiteTitle "FM"]
[BlackTitle "FM"]
[WhiteElo "2316"]
[BlackElo "2006"]
[WhiteFideId "14167247"]
[BlackFideId "3214869"]
[EventDate "2025.08.26"]

1. d4 Nf6 2. c4 e6 3. Nc3 d5 4. cxd5 exd5 5. Bg5 c6 6. e3 h6 7. Bh4 Be7 8. Bd3
O-O 9. Nge2 Re8 10. O-O Nbd7 11. Qc2 Ne4 12. Bxe7 Qxe7 13. Bxe4 dxe4 14. Ng3 Nf6
15. Rae1 h5 16. f3 exf3 17. Rxf3 h4 18. Nf5 Bxf5 19. Qxf5 Qb4 20. Re2 Rad8 21.
Qg5 Qe7 22. Qxh4 Ne4 23. Qxe7 Rxe7 24. Nxe4 Rxe4 25. Kf2 c5 26. dxc5 Rc4 27. Rf5
g6 28. Re5 Rc8 29. Re7 Rb4 30. Rc2 Kf8 31. Rd7 Ke8 32. Rd3 Rb5 33. Rdc3 Kd7 34.
Rc4 Ra5 35. a3 Ra6 36. Rd4+ Ke7 37. Kf3 Rf6+ 38. Rf4 Rfc6 39. b4 a6 40. Rd2 b6
41. Re4+ Kf6 42. Rd6+ Rxd6 43. cxd6 Rd8 44. Rd4 Ke6 45. Kg4 f6 46. h4 Kd7 47. h5
gxh5+ 48. Kxh5 Rh8+ 49. Kg6 Rg8+ 50. Kxf6 Rxg2 51. e4 Rf2+ 52. Ke5 Rf3 53. a4
Ra3 54. Kd5 Rxa4 55. e5 a5 56. e6+ Kd8 57. Rg4 Kc8 58. Kc6 1-0

[Event "Titled Tue 26th Aug Early"]
[Site "chess.com INT"]
[Date "2025.08.26"]
[Round "3"]
[White "Andreikin, Dmitry"]
[Black "Amburgy, Ryan"]
[Result "1-0"]
[WhiteTitle "GM"]
[BlackTitle "FM"]
[WhiteElo "2695"]
[BlackElo "2363"]
[WhiteFideId "4158814"]
[BlackFideId "30924820"]
[EventDate "2025.08.26"]

1. c4 e5 2. g3 c6 3. Nf3 e4 4. Nd4 Nf6 5. Nc3 Qb6 6. e3 d5 7. cxd5 cxd5 8. d3
Bg4 9. Qc2 Nc6 10. Nxc6 bxc6 11. Bg2 exd3 12. Qxd3 Bb4 13. O-O O-O 14. Bd2 Rad8
15. Rfc1 a5 16. a3 Be7 17. Na4 Qb5 18. Qxb5 cxb5 19. Nc5 Rc8 20. Nb3 Ne4 21.
Bxa5 Bd7 22. Nd4 Bf6 23. Bb4 Rxc1+ 24. Rxc1 Rc8 25. Rxc8+ Bxc8 26. Nxb5 Bxb2 27.
Bxe4 dxe4 28. Nd6 Ba6 29. Nxe4 f5 30. Nc5 Bc8 31. a4 Be5 32. a5 Kf7 33. a6 Bb8
34. Nb7 Kf6 35. Bc3+ Kf7 36. Nd8+ Ke8 37. Nc6 Bd6 38. a7 Bb7 39. Na5 Bd5 40.
Bxg7 Kd7 41. Nc4 Bc7 42. Be5 Bd8 43. Bf6 Bc7 44. Bd4 Kc8 45. Nb6+ Bxb6 46. Bxb6
Kb7 47. Bd4 Bf3 48. Kf1 h5 49. Ke1 Be4 50. Ke2 Bc6 51. f3 Bb5+ 52. Kf2 Bc6 53.
h3 Bd7 54. g4 fxg4 55. fxg4 hxg4 56. h4 1-0

[Event "Titled Tue 26th Aug Early"]
[Site "chess.com INT"]
[Date "2025.08.26"]
[Round "3"]
[White "Motola, Jacopo"]
[Black "Vihaan Karthikeya N"]
[Result "0-1"]
[WhiteTitle "FM"]
[BlackTitle "CM"]
[WhiteElo "2333"]
[BlackElo "2179"]
[WhiteFideId "863190"]
[BlackFideId "25950673"]
[EventDate "2025.08.26"]

1. b3 e5 2. Bb2 Nc6 3. e3 d5 4. Bb5 Bd6 5. Nf3 Qe7 6. O-O Nf6 7. d4 e4 8. Ne5
Bd7 9. Bxc6 Bxc6 10. c4 O-O 11. Nxc6 bxc6 12. c5 Bxh2+ 13. Kxh2 h5 14. Rh1 Ng4+
15. Kg1 Qg5 16. Qe2 f5 17. Bc1 Rf6 18. Nc3 Rg6 19. Qf1 Rf8 20. Ne2 h4 21. Nf4
Rh6 22. Bd2 Qe7 23. f3 exf3 24. gxf3 g5 25. fxg4 fxg4 26. Qg2 gxf4 27. exf4 Qg7
28. Be3 Re8 29. Re1 Rhe6 30. Qd2 h3 31. f5 Re4 32. Rh2 Qe7 33. Rhe2 Qh4 34. Kh2
g3+ 35. Kg1 h2+ 36. Kg2 Qg4 37. f6 Kf7 38. Qa5 Qd7 39. Qd2 Rh8 40. Bg5 Qh3+ 41.
Kh1 Qg4 42. Rxe4 dxe4 43. Qg2 Qf3 44. Qxf3 exf3 45. Re7+ Kg6 46. Rg7+ Kf5 47. f7
g2# 0-1

[Event "Titled Tue 26th Aug Early"]
[Site "chess.com INT"]
[Date "2025.08.26"]
[Round "3"]
[White "Daulet, Alikhan"]
[Black "Dishman, Stephen"]
[Result "1-0"]
[WhiteTitle "CM"]
[BlackTitle "FM"]
[WhiteElo "2158"]
[BlackElo "2254"]
[WhiteFideId "13741632"]
[BlackFideId "403024"]
[EventDate "2025.08.26"]

1. d4 d5 2. c4 c6 3. Nf3 Nf6 4. e3 Bf5 5. Nc3 e6 6. Nh4 Be4 7. f3 Bg6 8. Bd2 Be7
9. Nxg6 hxg6 10. Qb3 Qc7 11. cxd5 cxd5 12. Nb5 Qd7 13. Bb4 Nc6 14. Bxe7 Qxe7 15.
Rc1 a6 16. Nc3 g5 17. Be2 O-O 18. O-O Rfc8 19. Qd1 e5 20. Qd2 Re8 21. Rce1 exd4
22. exd4 Qe3+ 23. Qxe3 Rxe3 24. Kf2 Rae8 25. Rd1 b5 26. Rd2 b4 27. Na4 Nxd4 28.
Bxa6 Nf5 29. Bd3 Nh4 30. Nc5 g4 31. fxg4 Nxg4+ 32. Kg1 Re1 33. h3 Rxf1+ 34. Bxf1
Nf6 35. Nd3 Re4 36. Re2 Rd4 37. Re5 Ng6 38. Re3 Ne4 39. Be2 f6 40. Kf1 Kf7 41.
Bh5 Nd6 42. Rg3 Nf5 43. Bxg6+ Ke6 44. Bxf5+ Kxf5 45. Ke2 Re4+ 46. Re3 Rc4 47.
Kd2 d4 48. Rf3+ Ke4 49. Rf4+ Kd5 50. b3 Rc8 51. Nxb4+ Ke5 52. Nd3+ Kd5 53. g4
Ra8 54. a4 Rb8 55. b4 Rc8 56. a5 Rc3 57. a6 Ra3 58. Rf5+ Ke4 59. Nc5# 1-0

[Event "Titled Tue 26th Aug Early"]
[Site "chess.com INT"]
[Date "2025.08.26"]
[Round "3"]
[White "Gong, Qianyun"]
[Black "Garcia, Jhoel"]
[Result "0-1"]
[WhiteTitle "WGM"]
[BlackTitle "IM"]
[WhiteElo "2229"]
[BlackElo "2277"]
[WhiteFideId "8602425"]
[BlackFideId "3801110"]
[EventDate "2025.08.26"]

1. d4 d5 2. c4 e6 3. Nf3 Nf6 4. g3 Bb4+ 5. Nbd2 O-O 6. Bg2 dxc4 7. O-O b5 8. a4
c6 9. Ne5 Nd5 10. Qc2 Bb7 11. Rd1 a5 12. Ndf3 Be7 13. h4 Na6 14. Ng5 Bxg5 15.
hxg5 Nab4 16. Qe4 c3 17. Qh4 f5 18. e4 c2 19. Re1 Ne7 20. Be3 Ng6 21. Nxg6 hxg6
22. exf5 exf5 23. axb5 Nd5 24. bxc6 Bxc6 25. Rec1 Nxe3 26. Bxc6 Rc8 27. d5 Nxd5
28. Qc4 Rxc6 29. Qxc6 Nb4 30. Qc4+ Rf7 31. Rxa5 Qxa5 32. Qc8+ Rf8 33. Qc4+ Nd5
34. Rxc2 Qe1+ 35. Kh2 Qd1 36. Re2 Rd8 37. Re5 Kh7 38. Kg2 Qd2 39. Qh4+ Kg8 40.
Qc4 Kf8 41. Qc5+ Kg8 42. Qc4 Qd1 43. b4 Kh7 44. Qh4+ Qh5 45. Qd4 f4 46. gxf4
Qg4+ 47. Kf1 Nxf4 48. Qe4 Rd1+ 0-1

[Event "Titled Tue 26th Aug Early"]
[Site "chess.com INT"]
[Date "2025.08.26"]
[Round "3"]
[White "Sharshenbekov, Emir"]
[Black "Zaw, Ye Htut"]
[Result "1-0"]
[WhiteTitle "CM"]
[BlackTitle "CM"]
[WhiteElo "2175"]
[BlackElo "2074"]
[WhiteFideId "13810634"]
[BlackFideId "13013955"]
[EventDate "2025.08.26"]

1. e4 d5 2. exd5 Qxd5 3. Nc3 Qa5 4. d4 Nf6 5. Bc4 Nc6 6. Ne2 Bg4 7. f3 Bf5 8.
Bd2 O-O-O 9. Nd5 Qa4 10. Bb3 Qa6 11. Ne3 Bg6 12. c3 e5 13. d5 Na5 14. c4 Bc5 15.
Rc1 Bd3 16. Bxa5 Qxa5+ 17. Kf2 e4 18. Nf4 Qb6 19. Re1 Rhe8 20. Nxd3 exd3 21.
Qxd3 Re7 22. Re2 Rde8 23. Rce1 g6 24. a3 Nd7 25. Ba4 Ne5 26. Qd1 c6 27. b3 Ng4+
28. fxg4 Rxe3 29. Rxe3 Bxe3+ 30. Kf1 Qc7 31. Qf3 Qe5 32. dxc6 b6 33. g3 Kc7 34.
Qxf7+ Re7 35. Qf3 Qc3 36. Re2 Qd3 37. Kg2 Bc5 38. Rxe7+ Bxe7 39. Qxd3 1-0

[Event "Titled Tue 26th Aug Early"]
[Site "chess.com INT"]
[Date "2025.08.26"]
[Round "3"]
[White "Kuzhylnyi, Oleksandr"]
[Black "Anakok, Deniz"]
[Result "0-1"]
[WhiteTitle "CM"]
[BlackTitle "CM"]
[WhiteElo "2293"]
[BlackElo "2129"]
[WhiteFideId "34110500"]
[BlackFideId "51603586"]
[EventDate "2025.08.26"]

1. b3 e5 2. Bb2 Nc6 3. c4 Nf6 4. e3 d5 5. cxd5 Nxd5 6. Bb5 Nb4 7. Nf3 Nd3+ 8.
Bxd3 Qxd3 9. Nxe5 Nxe5 10. Bxe5 Qe4 11. Bxc7 Qxg2 12. Rf1 Bh3 13. Qe2 Qxf1+ 14.
Qxf1 Bxf1 15. Kxf1 Rc8 16. Be5 Rc1+ 17. Ke2 f6 18. Bb2 Rh1 19. Nc3 Rxa1 20. Bxa1
Bd6 21. h3 Kd7 22. d4 h5 23. e4 g5 24. Kf3 Rc8 25. Bb2 Ke6 26. Ke3 g4 27. hxg4
hxg4 28. Kd3 Rh8 29. Bc1 Rh2 30. Be3 a6 31. Ne2 b5 32. d5+ Kd7 33. Nd4 g3 34.
fxg3 Rxa2 35. Nf5 Be5 36. b4 Rb2 37. Bc5 Rb3+ 38. Kc2 Rf3 39. g4 Rf4 40. Kd3
Rxg4 41. Bd4 Rg2 42. Bc5 Rb2 43. Bf8 Rb3+ 44. Kd2 Rc3 0-1

[Event "Titled Tue 26th Aug Early"]
[Site "chess.com INT"]
[Date "2025.08.26"]
[Round "3"]
[White "Zmijanac, Dusko"]
[Black "Di Nicolantonio, Lucas"]
[Result "0-1"]
[WhiteTitle "FM"]
[BlackTitle "IM"]
[WhiteElo "2014"]
[BlackElo "2409"]
[WhiteFideId "908762"]
[BlackFideId "680460"]
[EventDate "2025.08.26"]

1. d4 Nf6 2. Bg5 Ne4 3. Bf4 c5 4. f3 Nf6 5. dxc5 Na6 6. e4 Nxc5 7. Nc3 g6 8. Qd2
Bg7 9. O-O-O O-O 10. Bh6 d6 11. h4 Be6 12. h5 Qa5 13. a3 Rac8 14. hxg6 fxg6 15.
Bxg7 Kxg7 16. Qh6+ Kg8 17. Nge2 Na4 18. Qd2 Bc4 19. Nxa4 Qxa4 20. Nc3 Qa5 21.
Kb1 Bxf1 22. Rhxf1 Rc4 23. Nd5 Qxd2 24. Nxf6+ Rxf6 25. Rxd2 g5 26. Rd5 h6 27. c3
g4 28. Rh1 gxf3 29. gxf3 Rxf3 30. Rxh6 Rxe4 31. Rg5+ Kf7 32. Rh7+ Kf6 33. Rgg7
Rf1+ 34. Ka2 Rfe1 35. Rf7+ Kg6 36. Rhg7+ Kh6 37. Rh7+ Kg5 38. Rhg7+ Kh4 39. Rf8
Re5 40. Rb8 b5 41. Rb7 a5 42. Rh7+ Kg3 43. Rg7+ Kf2 44. Rf7+ Kg3 45. Rg7+ Kf4
46. Rf7+ Kg5 47. Rg7+ Kf6 48. Rg4 a4 49. Rb4 R5e2 50. R7xb5 e5 51. Rxa4 e4 52.
Ra6 Rd1 53. Rbb6 Ke5 54. Ra7 e3 55. Re7+ Kf6 56. Re8 Rdd2 57. a4 Re1 58. a5 e2
59. Kb3 Rb1 60. Kc4 e1=Q 61. Rxe1 Rxe1 62. a6 Ra1 63. b4 Ke5 64. b5 Rb2 65. Rb7
Ra5 66. a7 d5+ 67. Kc5 Rb3 68. Re7+ Kf6 69. Rb7 Ke6 70. Rb6+ Ke5 71. Ra6 Rbxb5+
72. Kc6 Rxa6+ 73. Kxb5 Rxa7 74. Kb6 Ra3 75. c4 dxc4 76. Kc5 c3 77. Kb4 c2 78.
Kxa3 c1=Q+ 0-1

[Event "Titled Tue 26th Aug Early"]
[Site "chess.com INT"]
[Date "2025.08.26"]
[Round "3"]
[White "Iljin, Timofey"]
[Black "Rustamov, Rustam"]
[Result "1-0"]
[WhiteTitle "IM"]
[BlackTitle "FM"]
[WhiteElo "2242"]
[BlackElo "2310"]
[WhiteFideId "14110180"]
[BlackFideId "13440110"]
[EventDate "2025.08.26"]

1. e4 c5 2. b4 cxb4 3. a3 d5 4. exd5 Qxd5 5. Bb2 bxa3 6. Nxa3 Nf6 7. Nb5 Qd7 8.
Nf3 Nd5 9. Ne5 Qd8 10. Qf3 Nf6 11. Nxa7 e6 12. Bb5+ Nbd7 13. O-O Rxa7 14. Rxa7
Bc5 15. Nxd7 Nxd7 16. Rxb7 O-O 17. Bxd7 Bxd7 18. Qd3 Bc8 19. Qxd8 Rxd8 20. Rb8
Bd6 21. Ra8 f6 22. c4 Kf7 23. d4 Ke7 24. Rfa1 Kd7 25. Ba3 Bc7 26. Bc5 Kc6 27. f3
e5 28. Rd1 exd4 29. Rxd4 Re8 30. Bb4 Bb6 31. c5 Bc7 32. Kf2 Kb7 33. Ra1 Be5 34.
c6+ Kb6 35. Ba5+ Kxc6 36. Rc1+ Kb7 37. Rb4+ Ka6 38. Bc7 Bxc7 39. Rxc7 Be6 40.
Rc3 Ka5 41. Rb7 Ka4 42. Rc1 Ba2 43. Ra1 Ka3 44. Ra7+ Kb2 45. R7xa2+ 1-0

[Event "Titled Tue 26th Aug Early"]
[Site "chess.com INT"]
[Date "2025.08.26"]
[Round "3"]
[White "Li, Yilin"]
[Black "Urbina Perez, Juan Antonio"]
[Result "0-1"]
[WhiteTitle "WFM"]
[BlackTitle "FM"]
[WhiteElo "1921"]
[BlackElo "2221"]
[WhiteFideId "8610410"]
[BlackFideId "2217368"]
[EventDate "2025.08.26"]

1. e4 c6 2. d4 d5 3. e5 a6 4. c3 Bf5 5. h4 h6 6. g4 Bh7 7. Bd3 Bxd3 8. Qxd3 e6
9. h5 c5 10. Ne2 Nc6 11. a3 Qb6 12. b4 cxd4 13. cxd4 Rc8 14. Bd2 Na7 15. Nbc3
Ne7 16. O-O Nec6 17. Be3 Be7 18. Kg2 O-O 19. f4 Nb5 20. Na4 Qc7 21. Nc5 Bxc5 22.
bxc5 f6 23. a4 Nba7 24. Rab1 a5 25. Bd2 fxe5 26. fxe5 Rxf1 27. Rxf1 Rf8 28.
Rxf8+ Kxf8 29. Nf4 Qf7 30. Qg6 Nxd4 31. Be3 Nac6 32. Qh7 Ke8 33. Qd3 Kd7 34. Kg3
Nf3 35. Qxd5+ exd5 36. e6+ Qxe6 37. Nxe6 Kxe6 38. Kxf3 d4 39. Bf4 Kd5 40. Bd6
Ne5+ 41. Kf4 d3 42. Ke3 Nc4+ 43. Kxd3 Nxd6 44. cxd6 Kxd6 45. Ke4 b5 46. axb5 Kc5
47. Kf5 a4 48. Kg6 a3 49. Kxg7 a2 50. Kxh6 a1=Q 51. Kh7 Qb1+ 52. Kg7 Qb2+ 53.
Kg6 Qc2+ 54. Kg7 Qc3+ 55. Kf7 Qc4+ 56. Ke7 Qxg4 0-1

[Event "Titled Tue 26th Aug Early"]
[Site "chess.com INT"]
[Date "2025.08.26"]
[Round "3"]
[White "Kocharin, Timur"]
[Black "Molina, Roberto Junio Brito"]
[Result "1-0"]
[WhiteTitle "FM"]
[BlackTitle "IM"]
[WhiteElo "2310"]
[BlackElo "2378"]
[WhiteFideId "16240936"]
[BlackFideId "2109450"]
[EventDate "2025.08.26"]

1. e4 c6 2. d4 d5 3. e5 Bf5 4. h4 Qb6 5. g4 Bd7 6. h5 c5 7. c3 cxd4 8. cxd4 Nc6
9. Nc3 Qxd4 10. Nxd5 Qxd1+ 11. Kxd1 O-O-O 12. Ke1 Bxg4 13. Ne3 Bd7 14. Nf3 f6
15. Bg2 e6 16. Bd2 Nge7 17. h6 Nd5 18. Nc4 gxh6 19. Rc1 Rg8 20. Bh3 f5 21. Nd6+
Kb8 22. Nf7 Rc8 23. Nxh6 Rg6 24. Nf7 Bb4 25. Nd6 Bxd2+ 26. Kxd2 Rcg8 27. Bf1 h6
28. Bc4 Nb6 29. Bb3 Nb4 30. Nd4 a6 31. Rh4 Nc6 32. Nxc6+ Bxc6 33. a4 Bd5 34. a5
Bxb3 35. axb6 Bd5 36. Rc7 Rg2 37. Ke2 R2g6 38. Rd4 h5 39. b4 h4 40. b5 axb5 41.
Rxh4 1-0

[Event "Titled Tue 26th Aug Early"]
[Site "chess.com INT"]
[Date "2025.08.26"]
[Round "3"]
[White "Kiseleva, Arina"]
[Black "Dreelinck, Jacob"]
[Result "1-0"]
[WhiteTitle "WCM"]
[BlackTitle "FM"]
[WhiteElo "2006"]
[BlackElo "2278"]
[WhiteFideId "4164989"]
[BlackFideId "250511"]
[EventDate "2025.08.26"]

1. d4 Nf6 2. Nf3 g6 3. c4 Bg7 4. Nc3 O-O 5. e4 d6 6. Be2 e5 7. d5 a5 8. h3 Na6
9. Bg5 h6 10. Be3 Nc5 11. Nd2 Bd7 12. h4 h5 13. Bg5 Qc8 14. f3 Nh7 15. Be3 f5
16. Qc2 fxe4 17. Ndxe4 Bf5 18. O-O-O Nf6 19. Nxf6+ Bxf6 20. Ne4 Nxe4 21. fxe4
Bg4 22. Rdf1 Qd7 23. Qd1 Kg7 24. Bxg4 Qxg4 25. Qxg4 hxg4 26. g3 Be7 27. b3 Rf3
28. Rxf3 gxf3 29. Rf1 Rf8 30. Kd2 c6 31. Rc1 g5 32. hxg5 Kg6 33. Ke1 Bxg5 34.
Kf2 Bd8 35. dxc6 bxc6 36. Rd1 Bc7 37. Bd2 Bb6+ 38. Be3 Bc7 39. c5 d5 40. exd5
cxd5 41. Rxd5 e4 42. Rd7 Be5 43. c6 Rc8 44. Rd5 Kf6 45. Rc5 Bd6 46. Rc4 Kf5 47.
Bb6 Be5 48. c7 Rg8 49. c8=Q+ 1-0

[Event "Titled Tue 26th Aug Early"]
[Site "chess.com INT"]
[Date "2025.08.26"]
[Round "3"]
[White "Przybylski, Bartosz"]
[Black "Ivannikov, Maksim"]
[Result "1-0"]
[WhiteTitle "CM"]
[BlackTitle "CM"]
[WhiteElo "2041"]
[BlackElo "2100"]
[WhiteFideId "21878323"]
[BlackFideId "34275339"]
[EventDate "2025.08.26"]

1. Nf3 Nf6 2. b3 g6 3. Bb2 Bg7 4. g3 b5 5. Bg2 Bb7 6. a4 b4 7. O-O O-O 8. e3 d6
9. d4 Nbd7 10. Nbd2 Re8 11. Rc1 Nd5 12. Nb1 c5 13. c4 bxc3 14. Nxc3 Nb4 15. Qd2
Rc8 16. Rfd1 Qb6 17. dxc5 Nxc5 18. Nb5 Bxb2 19. Qxb2 Nbd3 20. Qa3 Nxc1 21. Rxc1
Nd3 22. Rd1 Qc5 23. Qa1 Qc2 24. Rf1 Bxf3 25. Bxf3 Qxb3 26. Rb1 Qc2 27. Rf1 Ne5
28. Bg2 a6 29. Nd4 Qd3 30. Rd1 Qc3 31. Qb1 Nc4 32. Qe4 Rb8 33. Nc6 Rb7 34. h4
Rc7 35. Nd4 Ne5 36. h5 Qb4 37. Rb1 Qxa4 38. hxg6 hxg6 39. Qh4 Kg7 40. Bd5 Qd7
41. Qf4 Rh8 42. Nf3 Qh3 43. Nxe5 Qh2+ 44. Kf1 Qh3+ 45. Ke2 Qe6 46. Bxe6 dxe5 47.
Qxf7+ Kh6 48. Rh1+ Kg5 49. f4+ exf4 50. gxf4# 1-0

[Event "Titled Tue 26th Aug Early"]
[Site "chess.com INT"]
[Date "2025.08.26"]
[Round "3"]
[White "Chen, Yidong"]
[Black "Rosen, Eric"]
[Result "0-1"]
[BlackTitle "IM"]
[WhiteElo "2068"]
[BlackElo "2377"]
[WhiteFideId "8607028"]
[BlackFideId "2032562"]
[EventDate "2025.08.26"]

1. e4 e6 2. d4 d5 3. Nd2 Be7 4. Bd3 Nf6 5. e5 Nfd7 6. Ne2 c5 7. c3 b6 8. O-O Ba6
9. Bc2 Nc6 10. Nf3 g5 11. Be3 g4 12. Ne1 h5 13. f3 Bg5 14. f4 Bh6 15. a3 Ne7 16.
b4 Qc7 17. Qd2 Rc8 18. Rc1 Bc4 19. Kh1 h4 20. f5 Bxe3 21. Qxe3 Nxf5 22. Bxf5
exf5 23. Rxf5 Qc6 24. Nd3 Qh6 25. Rf4 Nf8 26. e6 Nxe6 27. Rcf1 Bxd3 28. Qxd3
Nxf4 29. Nxf4 Qg5 30. Qe2+ Kd7 31. Qa6 Rc7 32. bxc5 Re8 33. Nd3 f6 34. cxb6 axb6
35. Qxb6 Rec8 36. Nc5+ Ke7 37. Qe6+ Kd8 38. Qd6+ Ke8 39. Qe6+ Kf8 40. Rxf6+ Kg7
41. Rf5 Qg6 42. Qe5+ Kh6 43. Rf6 Re8 44. Rxg6+ Kxg6 45. Qd6+ Kh7 46. Qxc7+ Kh8 0-1

[Event "Titled Tue 26th Aug Early"]
[Site "chess.com INT"]
[Date "2025.08.26"]
[Round "3"]
[White "Almedina Ortiz, Edgardo J."]
[Black "Belov, Alexei"]
[Result "1/2-1/2"]
[WhiteTitle "FM"]
[BlackTitle "IM"]
[WhiteElo "2210"]
[BlackElo "2421"]
[WhiteFideId "3100197"]
[BlackFideId "4128206"]
[EventDate "2025.08.26"]

1. d4 d5 2. Nf3 e6 3. g3 Nf6 4. Bg2 Be7 5. O-O O-O 6. c4 dxc4 7. Qc2 a6 8. a4
Bd7 9. Qxc4 Bc6 10. Bg5 Bd5 11. Qc1 Nc6 12. e3 Ne4 13. Bxe7 Qxe7 14. Nc3 Nxc3
15. bxc3 e5 16. c4 Be4 17. d5 Nb4 18. Qc3 f6 19. a5 c6 20. Ra4 Nd3 21. Nd2 Bxg2
22. Kxg2 e4 23. Qd4 Nc5 24. Rb4 Rad8 25. Rfb1 f5 26. Rb6 Rd7 27. Nb3 Na4 28. Nd2
Nxb6 29. Rxb6 Rfd8 30. Nb3 cxd5 31. cxd5 Rxd5 32. Qc4 Qf7 33. Nd4 Rxa5 34. Qxf7+
Kxf7 35. Rxb7+ Kf6 36. Rb6+ Kf7 37. Rb7+ Kg8 38. Ne6 Rd2 39. Rxg7+ Kh8 40. Rf7
h6 41. Nd4 Raa2 42. Rxf5 a5 43. h4 a4 44. h5 a3 45. Ne6 Rd6 46. Rf8+ Kh7 47.
Rf7+ Kg8 48. Rf8+ Kh7 49. Rf7+ Kg8 50. Rf8+ Kh7 1/2-1/2

[Event "Titled Tue 26th Aug Early"]
[Site "chess.com INT"]
[Date "2025.08.26"]
[Round "3"]
[White "Arnold, Rhys"]
[Black "Miserendino, Alfredo"]
[Result "1/2-1/2"]
[WhiteTitle "FM"]
[WhiteElo "2269"]
[BlackElo "2032"]
[WhiteFideId "1068849"]
[BlackFideId "101800"]
[EventDate "2025.08.26"]

1. e4 c5 2. Nf3 e6 3. d4 cxd4 4. Nxd4 Bc5 5. Nc3 Qb6 6. Be3 Nc6 7. Na4 Qa5+ 8.
Nc3 Qb6 9. Na4 Qa5+ 10. c3 Bxd4 11. Bxd4 Nxd4 12. Qxd4 e5 13. Qd1 Nf6 14. Bd3 d5
15. b4 Qd8 16. exd5 Qxd5 17. Be2 O-O 18. Qxd5 Nxd5 19. Bc4 Nf4 20. g3 Bd7 21.
gxf4 Bxa4 22. fxe5 Rac8 23. Bb3 Bxb3 24. axb3 Rxc3 25. O-O Rxb3 26. Rxa7 Rxb4
27. Rd1 Rb5 28. Rd7 Rxe5 29. Rdxb7 g6 30. Rc7 Kg7 31. Rcb7 h5 32. Kg2 Rf5 33. h3
Re8 34. Rb2 Re4 35. Ra3 Rd4 36. Re3 Rdd5 37. Rg3 Rd4 38. Re3 Kf6 39. Rf3 Rxf3
40. Kxf3 Rd3+ 41. Kg2 Kg5 42. Rb5+ f5 43. Rb4 h4 44. Rb5 Rc3 45. Rb4 Rd3 46. Ra4
Kh5 47. Rb4 g5 48. Rb5 Kg6 49. Rb6+ Kh5 50. Rb5 f4 51. Rb2 Rc3 52. f3 Re3 53.
Rc2 Rd3 54. Rb2 Kg6 55. Rb6+ Kf5 56. Rb5+ Kf6 57. Rb6+ Ke5 58. Rb5+ Rd5 59. Rb2
Kd4 60. Rd2+ Kc4 61. Rc2+ Kd3 62. Rc8 Ke3 63. Re8+ Kd2 64. Rc8 Kd1 65. Re8 Rd2+
66. Kg1 Rd5 67. Kg2 Kd2 68. Re7 Kd1 69. Re8 1/2-1/2

[Event "Titled Tue 26th Aug Early"]
[Site "chess.com INT"]
[Date "2025.08.26"]
[Round "3"]
[White "Al-Tarboush, Ward"]
[Black "Ono, David"]
[Result "1-0"]
[WhiteTitle "FM"]
[WhiteElo "2224"]
[BlackElo "2110"]
[WhiteFideId "7601450"]
[BlackFideId "146943"]
[EventDate "2025.08.26"]

1. e4 e5 2. Nf3 Nf6 3. d4 Nxe4 4. Bd3 d5 5. Nxe5 Nd7 6. Nxd7 Bxd7 7. Nc3 Nf6 8.
O-O Be7 9. Bg5 O-O 10. Bxf6 Bxf6 11. Nxd5 Bc6 12. Nxf6+ Qxf6 13. c3 Rad8 14. Qh5
h6 15. Rfe1 Rd5 16. Re5 Rfd8 17. Rae1 Rxe5 18. Qxe5 Qxe5 19. Rxe5 Kf8 20. b4 f6
21. Re3 a5 22. b5 Be8 23. f4 a4 24. a3 Rd5 25. Bc2 Bxb5 26. Be4 Rd6 27. Bxb7 Rb6
28. Be4 Bc4 29. Bg6 Be6 30. Kf2 Bf7 31. Bxf7 Kxf7 32. c4 Rb2+ 33. Kf3 Rc2 34. c5
f5 35. Rd3 c6 36. h3 Ke6 37. g4 g6 38. h4 Kd5 39. h5 fxg4+ 40. Kxg4 gxh5+ 41.
Kxh5 Rf2 42. Kg4 h5+ 43. Kg5 h4 44. f5 h3 45. Rxh3 Kxd4 46. f6 Kxc5 47. Kg6 Kb5
48. f7 c5 49. Kg7 c4 50. f8=Q Rxf8 51. Kxf8 Kc5 52. Ke7 Kd4 53. Kd6 c3 54. Rh4+
Kd3 55. Kc5 c2 56. Rh3+ Kd2 57. Rh2+ Kd3 58. Rh1 Kc3 59. Kb5 Kb3 60. Rh3+ Kb2
61. Rh2 Kxa3 62. Rxc2 Kb3 63. Rh2 a3 64. Rh3+ Kb2 65. Kb4 a2 66. Rh2+ Kb1 67.
Kb3 a1=Q 68. Rh1# 1-0